Alfabet z geografią - Statystyki

Ogólne statystyki
  • Ten quiz został rozwiązany 1 867 razy
  • Średni wynik to 21 z 22
Statystyki odpowiedzi
Hint Odpowiedź % Poprawnych
A Afganistan | Andora | Albania | Algieria | Angola | Antigua | Arabia Saudyjska | Argentyna | Armenia | Azerbejdżan | Australia | Austria
99%
B Bahamy | Bahrajn | Bangladesz | Barbados | Belgia | Benin | Belize | Bhutan | Białoruś | Bośnia | Boliwia | Botswana | Brazylia | Bułgaria | Brunei | Burkina Faso | Burundi
99%
C Chile | Chiny | Chorwacja | Cypr | Czad | Czarnogóra | Czechy
98%
F Fidżi | Filipiny | Finlandia | Francja
98%
D Dania | Demokratyczna Republika Konga | DRK | Dominika | Dominikana | Dżibuti
97%
E Egipt | Ekwador | Estonia | Etiopia | Erytrea | Eswatini
96%
G Gambia | Gwinea | Gwinea Bissau | Gwinea Równikowa | Ghana | Gabon | Grecja | Grenada | Gruzja | Gujana | Gwatemala
96%
H Haiti | Holandia | Honduras | Hiszpania
95%
I Indie | Irak | Iran | Islandia | Irlandia | Izrael | Indonezja
95%
K Kambodża | Kamerun | Kanada | Katar | Kazachstan | Kenia | Kirgistan | Kiribati | Kolumbia | Komory | Kongo | Kostaryka | Kuba | Kuwejt | Korea północna | Korea Południowa | Kosowo
95%
P Pakistan | Palau | Panama | Paragwaj | Papua-Nowa Gwinea | Peru | Polska | Portugalia
95%
J Jamajka | Japonia | Jemen | Jordania
94%
M Macedonia | Malawi | Malediwy | Malezja | Madagaskar | Mali | Malta | Maroko | Mauretania | Meksyk | Mikronezja | Mjanma | Mauritius | Monako | Mongolia | Mozambik | Mołdawia
94%
N Namibia | Nauru | Nepal | Niemcy | Niger | Nowa Zelandia | Nigeria | Nikaragua | Norwegia
94%
L Laos | Lesotho | Liban | Liberia | Libia | Litwa | Luksemburg | Liechtenstein | Łotwa
93%
R Republika Południowej Afryki | RPA | Republika Środkowoafrykańska | Republika Zielonego Przylądka | Rosja | Rumunia | Rwanda
93%
S Saint Kitts | Saint Lucia | Saint Vincent | Salwador | Samoa | San Marino | Senegal | Serbia | Seszele | Sierra Leone | Singapur | Słowacja | Słowenia | Somalia | Stany Zjednoczone | Sudan | Sudan Południowy | Surinam | Szwajcaria | Szwecja | Syria | Sri Lanka
91%
T Tadżykistan | Timor Wschodni | Tajlandia | Tanzania | Togo | Tonga | Trynidad | Tunezja | Turcja | Turkmenistan | Tuvalu
90%
U Uganda | Ukraina | Urugwaj | Uzbekistan | USA
90%
W Vanuatu | Watykan | Wenezuela | Węgry | Wielka Brytania | Wietnam | Włochy | Wybrzeże Kości Słoniowej | Wyspy Marshalla | Wyspy Salomona | Wyspy Świętego Tomasza
88%
O Oman
87%
Z Zambia | Zimbabwe | Zjednoczone Emiraty Arabskie | ZEA
84%
Nie znaleziono quizów pasujących do podanych kryteriów
Rozkład punktacji
Procent ludzi z każdym wynikiem
Percentyl według liczby udzielonych odpowiedzi
Twoja historia wyników
Nie rozwiązałeś tego quizu